Soccer Knowledge by Letter - B - Statistics

General Stats
  • This quiz has been taken 23 times
  • The average score is 6 of 10
Answer Stats
Hint Answer % Correct
Real Madrid's rival FC Barcelona
100%
Country with the mostworld cups Brazil
95%
Defeated Italy to qualifyfor the 2026 WC Bosnia andHerzegovina
90%
Most decorated clubin Portugal Benfica
85%
Also known as a scissorkick Bicycle kick
55%
18-yard, 6-yard... Box
50%
Bayer Leverkusenstadium BayArena
35%
Scoring two goals Brace
30%
British cleates Boots
20%
LAFC stadium BMO Stadium
0%
No matching quizzes found
Score Distribution
Percent of People with Each Score
Percentile by Number Answered
Your Score History
You have not taken this quiz